书目信息 |
| 题名: |
板壳断裂力学
|
|
| 作者: | 柳春图 , 蒋持平 著 | |
| 分册: | ||
| 出版信息: | 北京 国防工业出版社 2000.01 |
|
| 页数: | 298页 | |
| 开本: | 32开 | |
| 丛书名: | ||
| 单 册: | ||
| 中图分类: | P542 | |
| 科图分类: | ||
| 主题词: | 构造地质学 | |
| 电子资源: | ||
| ISBN: | 7-118-02095-8 | |
| 000 | 00581nam0 2200205 45 | |
| 001 | 0104131196 | |
| 005 | 20010413114437.3 | |
| 010 | @a7-118-02095-8@d19.00元 | |
| 100 | @a20010413d2000 km y0chiy0120 ea | |
| 101 | 0 | @achi |
| 105 | @a z 000yy | |
| 200 | 1 | @a板壳断裂力学@ABan Ke Duan Lie Li Xue@f柳春图,蒋持平著@FLiu Chun Tu,Jiang Chi Ping Zhu |
| 210 | @a北京@c国防工业出版社@d2000.01 | |
| 215 | @a298页@d32开 | |
| 606 | 0 | @a构造地质学 |
| 690 | @aP542@v3 | |
| 701 | 0 | @a柳春图@4著 |
| 701 | 0 | @a蒋持平@4著 |
| 801 | @aCN@bPftUser@c20010413 | |
| 905 | @b338333-334@dP542@eL831@f2 | |
| 板壳断裂力学/柳春图,蒋持平著.-北京:国防工业出版社,2000.01 |
| 298页;32开 |
| ISBN 7-118-02095-8:19.00元 |
| ● |
| 相关链接 |
|
|
|
正题名:板壳断裂力学
索取号:P542/L831
 
预约/预借
| 序号 | 登录号 | 条形码 | 馆藏地/架位号 | 状态 | 备注 |
| 1 | 338333 | 203383338 | 自科库401/401自科库 129排2列1层/ [索取号:P542/L831] | 在馆 | |
| 2 | 338334 | 203383347 | 社科二线400B/400B社科库 1排1列3层/ [索取号:P542/L831] | 在馆 |